000 00310nam a2200109Ia 4500
008 220204s9999 xx 000 0 und d
082 _a929 A/Z (HAG)
_bELL
100 _aPeter Berresford
245 0 _aH Ridder Haggard: A voice from the infinite
260 _aLondon
_bRoutledge and Kegan paul
_c1978
942 _cBK
999 _c33266
_d33266